[Event "Wolfsburg op-A"]
[Site "Wolfsburg"]
[Date "2024.11.17"]
[Round "5"]
[White "Sreyas, Payyappat"]
[Black "Jacobi, Felix Hagen"]
[Result "1-0"]
[WhiteElo "2084"]
[BlackElo "2063"]
[PlyCount "83"]
[EventDate "2024.11.15"]
[EventType "swiss"]
[EventRounds "5"]
[EventCountry "GER"]
[SourceTitle "CB49_2024"]
[SourceDate "2024.12.04"]
[SourceVersion "1"]
[SourceVersionDate "2024.12.04"]
[SourceQuality "1"]

1. e4 c6 2. d4 d5 3. Nc3 a6 4. Nf3 Bg4 5. Be3 e6 6. Be2 Nf6 7. Nd2 Bxe2 8. Qxe2 Bb4 9. e5 Nfd7 10. a3 Qa5 11. 0-0 Bxc3 12. bxc3 Qxc3 13. Rab1 b5 14. Nb3 c5 15. Bd2 Qxc2 16. Rfc1 Qg6 17. Na5 0-0 18. Rb3 Qf5 19. Rg3 Rc8 20. f3 f6 21. Nb7 Nc6 22. Nd6 Nxd4 23. Rxg7+ Kh8 24. Qe3 Nxe5 25. Qh6 Qg6 26. Rxg6 Nxg6 27. Nxc8 Rxc8 28. Qe3 e5 29. Bb4 c4 30. Bc3 Nb3 31. Qb6 Rf8 32. Rb1 Nf4 33. Bb4 Rf7 34. Qxa6 Nd4 35. Bc5 Nde2+ 36. Kf1 Nc3 37. Rc1 d4 38. Bxd4 exd4 39. Qc8+ Kg7 40. Qg4+ Ng6 41. Qxd4 Na4 42. Qd5 1-0

[Event "Bad Pyrmont Pape op 3rd"]
[Site "Bad Pyrmont"]
[Date "2024.07.27"]
[Round "4"]
[White "Jacobi, Felix Hagen"]
[Black "Lebiedz, Oliver"]
[Result "1/2-1/2"]
[WhiteElo "2044"]
[BlackElo "1939"]
[PlyCount "170"]
[EventDate "2024.07.25"]
[EventType "swiss"]
[EventRounds "7"]
[EventCountry "GER"]
[SourceTitle "CBM 221 Extra"]
[Source "ChessBase"]
[SourceDate "2024.09.30"]
[SourceVersion "1"]
[SourceVersionDate "2024.09.30"]
[SourceQuality "1"]

1. e4 c5 2. f4 d5 3. exd5 Nf6 4. Bb5+ Bd7 5. Bxd7+ Qxd7 6. c4 e6 7. dxe6 Qxe6+ 8. Qe2 Nc6 9. Nc3 0-0-0 10. Qxe6+ fxe6 11. Nge2 Nb4 12. 0-0 Nd3 13. b3 Bd6 14. Ba3 b6 15. Rad1 e5 16. Nb5 Bb8 17. fxe5 Bxe5 18. Nxa7+ Kb7 19. Nb5 Rd7 20. g3 Ra8 21. Nc1 Nxc1 22. Bxc1 Rxa2 23. Rfe1 Bb2 24. Nc3 Bxc3 25. dxc3 Rxd1 26. Rxd1 Ra1 27. Re1 Kc6 28. Bd2 Ra2 29. Bf4 Kd7 30. Rd1+ Ke7 31. b4 Rc2 32. bxc5 bxc5 33. Rd3 Ke6 34. Re3+ Kd7 35. h3 h6 36. Rf3 Ne4 37. Be5 Ng5 38. Rd3+ Ke6 39. Bxg7 Nxh3+ 40. Kf1 h5 41. Rd5 Rf2+ 42. Ke1 Rf5 43. Bh6 Kf6 44. Be3 Ng5 45. Bxc5 Ne4 46. Bd4+ Ke6 47. Rxf5 Kxf5 48. Bf2 Nxc3 49. Kd2 Ne4+ 50. Ke3 Ke5 51. Be1 Ng5 52. Bc3+ Kf5 53. Ba5 Ne6 54. Kf3 Nd4+ 55. Kg2 Kg4 56. Bd8 Nc6 57. Bh4 Ne5 58. c5 Nc6 59. Kf2 Kf5 60. Kf3 Ke5 61. Bg5 Kf5 62. Bf4 Nd4+ 63. Ke3 Nc6 64. Bd6 Kf6 65. Kf4 Kg6 66. Ke4 Kf6 67. Kd5 Nb4+ 68. Kc4 Nc6 69. Kb5 Nd4+ 70. Kb6 Ke6 71. Bf4 Kd7 72. Be5 Nc6 73. Bf6 Nb4 74. Kb5 Nc6 75. Bc3 Ne7 76. Bd2 Nc6 77. Kc4 Ke6 78. Bf4 Ne7 79. Kd4 Nc6+ 80. Ke4 Ne7 81. Bd6 Nc6 82. Kf4 Kf6 83. Bc7 Nb4 84. Bd8+ Kg6 85. Bh4 Nd3+ 1/2-1/2

[Event "Bad Pyrmont Pape op-A 2nd"]
[Site "Bad Pyrmont"]
[Date "2023.08.12"]
[Round "5"]
[White "Jacobi, Felix Hagen"]
[Black "Brueckmann, Gerd"]
[Result "1/2-1/2"]
[WhiteElo "2079"]
[BlackElo "1936"]
[PlyCount "40"]
[EventDate "2023.08.10"]
[EventType "swiss"]
[EventRounds "7"]
[EventCountry "GER"]
[SourceTitle "EXT 2024"]
[Source "ChessBase"]
[SourceDate "2023.10.10"]
[SourceVersion "1"]
[SourceVersionDate "2023.10.10"]
[SourceQuality "1"]

1. e4 e6 2. d4 d5 3. exd5 exd5 4. Bd3 Nc6 5. c3 Bd6 6. Ne2 Nge7 7. Ng3 Be6 8. Nh5 0-0 9. Bg5 Qd7 10. Qc2 f5 11. Nd2 Bf7 12. Nf4 Bxf4 13. Bxf4 Bh5 14. f3 Ng6 15. Bg3 Rae8+ 16. Kd1 Qe7 17. Re1 Qg5 18. Nf1 Rxe1+ 19. Bxe1 f4 20. Qf2 Nge7 1/2-1/2

[Event "Bad Pyrmont Pape op-A 2nd"]
[Site "Bad Pyrmont"]
[Date "2023.08.12"]
[Round "4"]
[White "Sauer, Tim"]
[Black "Jacobi, Felix Hagen"]
[Result "1-0"]
[WhiteElo "2083"]
[BlackElo "2079"]
[PlyCount "53"]
[EventDate "2023.08.10"]
[EventType "swiss"]
[EventRounds "7"]
[EventCountry "GER"]
[SourceTitle "EXT 2024"]
[Source "ChessBase"]
[SourceDate "2023.10.10"]
[SourceVersion "1"]
[SourceVersionDate "2023.10.10"]
[SourceQuality "1"]

1. d4 c5 2. d5 e5 3. e4 d6 4. Bb5+ Nd7 5. a4 Be7 6. Nf3 h6 7. Nc3 Bg5 8. Nxg5 hxg5 9. Qg4 f6 10. Be3 a6 11. Bd3 Nb6 12. Qe2 Bd7 13. a5 Nc8 14. g3 Na7 15. 0-0 Ne7 16. Rfb1 Qc7 17. b4 cxb4 18. Na4 Bxa4 19. Rxa4 Nb5 20. Bb6 Qd7 21. Bxb5 axb5 22. Raxb4 Kf7 23. Rxb5 Ng6 24. Be3 Rab8 25. a6 b6 26. Rxb6 Rxh2 27. Rb7 1-0

[Event "Bad Pyrmont Pape op-A 2nd"]
[Site "Bad Pyrmont"]
[Date "2023.08.10"]
[Round "1"]
[White "Jacobi, Felix Hagen"]
[Black "Moeller, Jonas"]
[Result "1-0"]
[WhiteElo "2079"]
[BlackElo "1848"]
[PlyCount "71"]
[EventDate "2023.08.10"]
[EventType "swiss"]
[EventRounds "7"]
[EventCountry "GER"]
[SourceTitle "EXT 2024"]
[Source "ChessBase"]
[SourceDate "2023.10.10"]
[SourceVersion "1"]
[SourceVersionDate "2023.10.10"]
[SourceQuality "1"]

1. e4 e5 2. Nc3 Nf6 3. Bc4 Nc6 4. d3 Na5 5. Nge2 Be7 6. 0-0 0-0 7. a3 Nxc4 8. dxc4 d6 9. f3 c6 10. Be3 Be6 11. Qd3 Qc7 12. Rfd1 Rfd8 13. a4 d5 14. cxd5 cxd5 15. exd5 Bxd5 16. Nb5 Qa5 17. Qc3 Qxc3 18. Nexc3 Bc4 19. Nxa7 e4 20. fxe4 Ng4 21. Bb6 Bg5 22. Rxd8+ Rxd8 23. Rd1 Rd2 24. h3 Rxd1+ 25. Nxd1 Nf6 26. b3 Be6 27. Nf2 Nh5 28. Nb5 Bd7 29. c4 Ng3 30. Nc3 Bd2 31. Nfd1 Bc6 32. Nd5 Ne2+ 33. Kf2 Nc1 34. Ne7+ Kf8 35. Nxc6 bxc6 36. a5 1-0

[Event "Oberliga Nord W 1920"]
[Site "Germany"]
[Date "2021.07.11"]
[Round "9.6"]
[White "Bierenbroodspot, Paul"]
[Black "Jacobi, Felix Hagen"]
[Result "0-1"]
[WhiteElo "2104"]
[BlackElo "2081"]
[PlyCount "76"]
[EventDate "2019.09.29"]
[EventType "team-tourn"]
[EventRounds "9"]
[EventCountry "GER"]
[SourceTitle "EXT 2023"]
[Source "ChessBase"]
[SourceDate "2022.10.05"]
[SourceVersion "1"]
[SourceVersionDate "2022.10.05"]
[SourceQuality "1"]
[WhiteTeam "Nordhorn Blanke"]
[BlackTeam "Hameln"]
[WhiteTeamCountry "GER"]
[BlackTeamCountry "GER"]

1. e4 c6 2. d4 d5 3. exd5 cxd5 4. c4 Nf6 5. Nc3 Nc6 6. Nf3 a6 7. cxd5 Nxd5 8. Qb3 e6 9. Be2 Be7 10. 0-0 0-0 11. Rd1 b5 12. Ne5 Na5 13. Qc2 Nb4 14. Qb1 Bb7 15. Be3 Rc8 16. a3 Nd5 17. Nxd5 Bxd5 18. b4 Nc4 19. Nxc4 Bxc4 20. Bf3 Bd5 21. Be2 Qb6 22. Rc1 Qb7 23. f3 Rxc1+ 24. Qxc1 Rc8 25. Qd2 Bc4 26. Bd1 Rd8 27. Bc2 Bf6 28. Be4 Qd7 29. Rd1 g6 30. f4 Bb3 31. Rb1 Bd5 32. Bc2 Bb7 33. Rd1 Qc6 34. Qf2 Rc8 35. Rc1 Qc3 36. Bd1 Qxa3 37. Rxc8+ Bxc8 38. Qd2 Bb7 0-1

[Event "Oberliga Nord W 1920"]
[Site "Germany"]
[Date "2019.11.24"]
[Round "3.8"]
[White "Jacobi, Felix Hagen"]
[Black "Polster, Christian"]
[Result "0-1"]
[WhiteElo "2082"]
[BlackElo "2274"]
[PlyCount "64"]
[EventDate "2019.09.29"]
[EventType "team-tourn"]
[EventRounds "9"]
[EventCountry "GER"]
[SourceTitle "CBM 195 Extra"]
[Source "ChessBase"]
[SourceDate "2020.05.31"]
[SourceVersion "1"]
[SourceVersionDate "2020.05.31"]
[SourceQuality "1"]

1. e4 c5 2. f4 d5 3. exd5 Nf6 4. Bb5+ Bd7 5. Bxd7+ Qxd7 6. c4 e6 7. Qe2 Bd6 8. Nc3 0-0 9. dxe6 fxe6 10. d3 Nc6 11. Nf3 e5 12. Ne4 exf4 13. Bd2 Nd4 14. Nxd4 Nxe4 15. dxe4 cxd4 16. c5 Be5 17. Qc4+ Kh8 18. 0-0 Qc7 19. Rf3 g5 20. Raf1 g4 21. R3f2 Rf6 22. b4 Raf8 23. Bc1 f3 24. gxf3 Rxf3 25. Bb2 Bxh2+ 26. Kh1 Be5 27. Bxd4 Qg7 28. Bxe5 Qxe5 29. Rxf3 gxf3 30. Rf2 Rf4 31. Kg1 Rg4+ 32. Kh1 Rh4+ 0-1

[Event "Oberliga Nord W 1718"]
[Site "Germany"]
[Date "2017.12.10"]
[Round "4.8"]
[White "Jacobi, Felix Hagen"]
[Black "Bierenbroodspot, Paul"]
[Result "1-0"]
[WhiteElo "2066"]
[BlackElo "2073"]
[PlyCount "165"]
[EventDate "2017.10.08"]
[EventType "team-tourn"]
[EventRounds "9"]
[EventCountry "GER"]
[SourceTitle "EXT 2019"]
[Source "ChessBase"]
[SourceDate "2018.10.10"]
[SourceVersion "1"]
[SourceVersionDate "2018.10.10"]
[SourceQuality "1"]
[WhiteTeam "Hameln"]
[BlackTeam "Nordhorn Blanke"]
[WhiteTeamCountry "GER"]
[BlackTeamCountry "GER"]

1. e4 d5 2. exd5 Nf6 3. Bb5+ Nbd7 4. Nc3 a6 5. Bxd7+ Bxd7 6. d3 Bg4 7. f3 Bc8 8. Bf4 Nxd5 9. Nxd5 Qxd5 10. Bxc7 Qc5 11. Bg3 Qb4+ 12. c3 Qxb2 13. Ne2 Qb6 14. Rb1 Qc6 15. Qd2 e6 16. 0-0 Be7 17. Bf2 0-0 18. Rb6 Qd7 19. Rfb1 Rd8 20. Nc1 Ba3 21. d4 Bc5 22. R6b3 b5 23. Nd3 Bd6 24. Bg3 Bb7 25. Bxd6 Qxd6 26. a4 Bc6 27. axb5 Bxb5 28. Qe3 Rac8 29. Ra1 Qd5 30. Rba3 Qc4 31. Nc5 Rc6 32. Nb7 Rdc8 33. Na5 Qd5 34. Nxc6 Rxc6 35. h3 f6 36. Qf4 Qd8 37. Qe4 Qd7 38. Rd1 Bc4 39. Rb1 Bb5 40. Rb4 Qc8 41. d5 Rd6 42. dxe6 Rxe6 43. Qd5 Qc6 44. c4 Qxd5 45. cxd5 Re1+ 46. Kf2 Rd1 47. Ke3 Rxd5 48. Re4 Kf7 49. Rc3 Rd7 50. g4 g5 51. f4 gxf4+ 52. Rxf4 Kg6 53. Rf5 Re7+ 54. Kd4 Rd7+ 55. Ke4 Rd6 56. Rfc5 Re6+ 57. Kd5 Re5+ 58. Kd6 Re4 59. Rc7 Rd4+ 60. Ke6 Re4+ 61. Kd5 Re5+ 62. Kd6 h5 63. gxh5+ Rxh5 64. Rg3+ Rg5 65. Rf3 Be2 66. Rf2 Bb5 67. Rc8 Kf7 68. Rf3 Re5 69. Rf8+ Kxf8 70. Rxf6+ Kg7 71. Kxe5 Bc4 72. Kf5 a5 73. Rc6 Bf7 74. Ra6 a4 75. Rxa4 Bb3 76. Ra6 Bc4 77. Rb6 Kh7 78. Kg5 Ba2 79. Rb7+ Kh8 80. Kg6 Bc4 81. Rh7+ Kg8 82. Rd7 Kf8 83. Rg7 1-0

[Event "Niedersachsen-ch"]
[Site "Verden"]
[Date "2017.01.08"]
[Round "7"]
[White "Jacobi, Felix Hagen"]
[Black "Meyer, Heinz Dieter"]
[Result "1/2-1/2"]
[WhiteElo "2056"]
[BlackElo "2234"]
[PlyCount "127"]
[EventDate "2017.01.05"]
[EventType "swiss"]
[EventRounds "7"]
[EventCountry "GER"]
[SourceTitle "EXT 2018"]
[Source "ChessBase"]
[SourceDate "2017.10.13"]
[SourceVersion "1"]
[SourceVersionDate "2017.10.13"]
[SourceQuality "1"]

1. e4 c5 2. f4 g6 3. Nf3 Bg7 4. Be2 Nc6 5. 0-0 d6 6. Kh1 Nf6 7. d3 0-0 8. c3 c4 9. d4 Nxe4 10. Bxc4 Nf6 11. Be3 e6 12. Nbd2 b6 13. Bf2 Ne7 14. Qe2 Nfd5 15. Bg3 Bb7 16. Ng5 Qd7 17. Bd3 Nf5 18. Bxf5 exf5 19. Rfe1 b5 20. a3 Qc6 21. Nf1 h6 22. Nf3 Rfe8 23. Qf2 Re4 24. N1d2 Ree8 25. Rxe8+ Rxe8 26. Re1 Re6 27. Nf1 Re4 28. Nh4 Bf6 29. Nf3 Nxf4 30. Rxe4 fxe4 31. Bxf4 exf3 32. Qxf3 Qxf3 33. gxf3 Bxf3+ 34. Kg1 Be7 35. Kf2 Be4 36. Ke3 Bd5 37. Nd2 g5 38. Bg3 f5 39. Kd3 Kf7 40. b3 f4 41. Bf2 Be6 42. c4 Bf5+ 43. Kc3 bxc4 44. Kxc4 d5+ 45. Kxd5 Bxa3 46. Nc4 Bb4 47. Kc6 Bc2 48. d5 Bxb3 49. Ne5+ Ke7 50. Bc5+ Bxc5 51. Kxc5 Kf6 52. Nc6 Bxd5 53. Kxd5 Kf5 54. Nxa7 f3 55. Nb5 f2 56. Nd4+ Kf4 57. Ne2+ Kf3 58. Ng3 h5 59. Kd4 h4 60. Nf1 g4 61. Kd3 Kg2 62. Ke2 g3 63. hxg3 hxg3 64. Nxg3 1/2-1/2

[Event "Niedersachsen-ch"]
[Site "Verden"]
[Date "2016.01.05"]
[Round "6"]
[White "Jacobi, Felix Hagen"]
[Black "Oppitz, Peter"]
[Result "1-0"]
[WhiteElo "2013"]
[BlackElo "2118"]
[PlyCount "113"]
[EventDate "2016.01.03"]
[EventType "swiss"]
[EventRounds "7"]
[EventCountry "GER"]
[SourceTitle "EXT 2018"]
[Source "ChessBase"]
[SourceDate "2017.10.13"]
[SourceVersion "1"]
[SourceVersionDate "2017.10.13"]
[SourceQuality "1"]

1. e4 Nf6 2. e5 Nd5 3. d4 d6 4. c4 Nb6 5. f4 g6 6. Nc3 Bg7 7. Be3 0-0 8. Be2 dxe5 9. fxe5 Bf5 10. Nf3 c5 11. d5 N8d7 12. Bf4 e6 13. 0-0 exd5 14. cxd5 Re8 15. Bg5 Qb8 16. Nh4 Qxe5 17. Nxf5 gxf5 18. Bd3 Nxd5 19. Rxf5 Nxc3 20. bxc3 Qxc3 21. Rc1 Qd4+ 22. Kh1 Ne5 23. Bb5 Qxd1+ 24. Rxd1 Re6 25. h3 a6 26. Bd7 Rb6 27. Bf4 Ng6 28. Bc7 Rb2 29. Rdf1 c4 30. Rxf7 c3 31. Be6 Kh8 32. Ba5 Be5 33. R7f5 Rb5 34. Rxe5 Nxe5 35. Bxc3 Kg7 36. Rf5 Re8 37. Bxe5+ Rxe5 38. Rxe5 Kf6 39. Rh5 Rxe6 40. Rxh7 Re1+ 41. Kh2 Rb1 42. g4 Kg6 43. Rd7 Rb2+ 44. Kg3 a5 45. h4 b5 46. Rb7 b4 47. Kf4 Rf2+ 48. Ke5 Rxa2 49. Rb6+ Kg7 50. Kf5 Rf2+ 51. Kg5 Rf7 52. h5 Ra7 53. h6+ Kh7 54. Kh5 a4 55. g5 Ra5 56. Rb7+ Kh8 57. h7 1-0

[Event "Niedersachsen-ch"]
[Site "Verden"]
[Date "2016.01.05"]
[Round "5"]
[White "Schuette, Marc"]
[Black "Jacobi, Felix Hagen"]
[Result "1-0"]
[WhiteElo "2151"]
[BlackElo "2013"]
[PlyCount "185"]
[EventDate "2016.01.03"]
[EventType "swiss"]
[EventRounds "7"]
[EventCountry "GER"]
[SourceTitle "EXT 2018"]
[Source "ChessBase"]
[SourceDate "2017.10.13"]
[SourceVersion "1"]
[SourceVersionDate "2017.10.13"]
[SourceQuality "1"]

1. e4 c6 2. Nc3 d5 3. Nf3 Bg4 4. h3 Bxf3 5. Qxf3 e6 6. g3 Nf6 7. Bg2 Bd6 8. d3 Nbd7 9. 0-0 0-0 10. Qe2 Qb6 11. Kh2 Rad8 12. a3 Bb8 13. Bd2 Qa6 14. Rae1 dxe4 15. Nxe4 Nxe4 16. Qxe4 Nf6 17. Qh4 Qb6 18. Bc3 Nd5 19. Be4 h6 20. Bxd5 Rxd5 21. Qg4 Rg5 22. Qe4 Rd8 23. h4 Rf5 24. Kg2 Qb5 25. Re2 Bd6 26. a4 Qd5 27. Qxd5 Rxd5 28. Re4 Bf8 29. Rfe1 g6 30. Be5 Bg7 31. f4 Bxe5 32. fxe5 h5 33. Kf3 Rd4 34. Ke3 c5 35. b3 Rxe4+ 36. Kxe4 Rd5 37. c3 Kg7 38. Rf1 Kf8 39. a5 Ke8 40. Rd1 Ke7 41. Rf1 Ke8 42. Rb1 Kd8 43. b4 cxb4 44. Rxb4 Kc7 45. Rc4+ Kb8 46. Ra4 b5 47. axb6 axb6 48. Ra1 Kb7 49. c4 Rd7 50. d4 Kc6 51. Ra8 Rb7 52. d5+ exd5+ 53. cxd5+ Kd7 54. Ra3 Rc7 55. Kd4 Rc1 56. Ra7+ Ke8 57. Ra8+ Kd7 58. Rf8 Ke7 59. Rb8 Rd1+ 60. Kc4 Re1 61. d6+ Kd7 62. Rb7+ Kd8 63. Kd5 Rd1+ 64. Kc6 Rc1+ 65. Kd5 Rd1+ 66. Kc4 Re1 67. Re7 Re2 68. Kb5 Re1 69. Kxb6 Rb1+ 70. Kc6 Rc1+ 71. Kb6 Rb1+ 72. Kc5 Rc1+ 73. Kd5 Rd1+ 74. Kc4 Rc1+ 75. Kd4 Rd1+ 76. Ke4 f6 77. exf6 Rxd6 78. Ke5 Ra6 79. Rg7 Ke8 80. Rxg6 Ra5+ 81. Ke6 Ra6+ 82. Kf5 Ra5+ 83. Kf4 Kf7 84. Rg5 Ra4+ 85. Kf3 Ra3+ 86. Kg2 Kxf6 87. Rxh5 Rb3 88. Rg5 Ra3 89. Kh2 Rb3 90. Ra5 Kg6 91. Kh3 Rc3 92. h5+ Kh7 93. Kh4 1-0

[Event "Niedersachsen-ch"]
[Site "Verden"]
[Date "2016.01.03"]
[Round "2"]
[White "Eschholz, Enno"]
[Black "Jacobi, Felix Hagen"]
[Result "1-0"]
[WhiteElo "2175"]
[BlackElo "2013"]
[PlyCount "77"]
[EventDate "2016.01.03"]
[EventType "swiss"]
[EventRounds "7"]
[EventCountry "GER"]
[SourceTitle "EXT 2018"]
[Source "ChessBase"]
[SourceDate "2017.10.13"]
[SourceVersion "1"]
[SourceVersionDate "2017.10.13"]
[SourceQuality "1"]

1. e4 e6 2. d4 d5 3. Nc3 Bb4 4. exd5 exd5 5. Bd3 Ne7 6. Qf3 Be6 7. Nge2 Nbc6 8. a3 Ba5 9. 0-0 Qd7 10. h3 0-0 11. Be3 Bb6 12. Rad1 Ng6 13. Qh5 Nce7 14. Nf4 c6 15. Na4 Bf5 16. Nxb6 axb6 17. Rfe1 Rfe8 18. Nxg6 hxg6 19. Qe2 Nc8 20. Bxf5 Qxf5 21. Qd3 Nd6 22. Qxf5 Nxf5 23. c3 Re6 24. Bf4 Rae8 25. Kf1 Kf8 26. Rxe6 Rxe6 27. Re1 Ke7 28. g4 Nd6 29. Bxd6+ Kxd6 30. Rxe6+ Kxe6 31. a4 Kf6 32. Kg2 Kg5 33. Kg3 f5 34. h4+ Kf6 35. Kf4 fxg4 36. Kxg4 b5 37. a5 c5 38. dxc5 Ke5 39. c6 1-0